00000000nam 2200000zi 4500
0019.950974
003CaOODSP
00520250509090637
006m     o  d f      
007cr |n|||||||||
008250509t19931993onc     ob   f000 0 fre d
020 |z0660942496
040 |aCaOODSP|bfre|erda|cCaOODSP
043 |an-cn---
0861 |aSW45-1/1993F-PDF|zSW45-1/1993F
1101 |aCanada.|bComité canadien sur la violence faite aux femmes, |eauteur, |eorganisme de publication.
24510|aRapport final du Comité canadien sur la violence faite aux femmes.
24634|aUn nouvel horizon : |béliminer la violence, atteindre l'égalité: rapport final
264 1|a[Ottawa] : |bComité canadien sur la violence faite aux femmes,|c[1993]
264 4|c©1993
300 |a1 ressource en ligne (1 volume en pagination multiple)
336 |atexte|btxt|2rdacontent/fre
337 |ainformatique|bc|2rdamedia/fre
338 |aressource en ligne|bcr|2rdacarrier/fre
500 |aPublié aussi en anglais sous le titre : Final report of the Canadian Panel on Violence Against Women.
500 |aÉdition numérisée de l'imprimé [par Bibliothèque et Archives Canada].
504 |aComprend des références bibliographiques.
650 6|aFemmes autochtones|xViolence envers|zCanada.
650 6|aFemmes Métis|xViolence envers|zCanada|xPrévention.
650 6|aFemmes|xCrimes contre|zCanada.
650 6|aFemmes|xCrimes contre|zCanada|xPrévention.
650 6|aFemmes victimes de violence|xPolitique gouvernementale|zCanada.
650 6|aVictimes d'actes criminels|xPolitique gouvernementale|zCanada.
77508|tFinal report of the Canadian Panel on Violence Against Women.|w(CaOODSP)9.950972
7760#|tUn nouvel horizon: éliminer la violence, atteindre l'égalité: rapport final |w(CaOODSP)9.678574
85640|qPDF|s201699 Ko|uhttps://publications.gc.ca/collections/collection_2025/fegc-wage/SW45-1-1993-fra.pdf